Chelsea FC squad 2025/26 - Statistics

General Stats
  • This quiz has been taken 78 times
    4 since last reset
  • The average score is 27 of 32
Answer Stats
Hint Answer % Correct
FW Alejandro Garnacho
100%
MF Andrey Santos
100%
MF Cole Palmer
100%
MF Enzo Fernández
100%
FW Estêvão
100%
GK Filip Jørgensen
100%
FW Jamie Bynoe Gittens
100%
FW João Pedro
100%
DF Jorrel Hato
100%
FW Liam Delap
100%
DF Malo Gusto
100%
DF Marc Cucurella
100%
MF Moisés Caicedo
100%
FW Pedro Neto
100%
DF Reece James
100%
GK Robert Sánchez
100%
MF Roméo Lavia
100%
DF Tosin Adarabioyo
100%
DF Trevoh Chalobah
100%
DF Wesley Fofana
100%
DF Benoît Badiashile
75%
DF Josh Acheampong
75%
DF Levi Colwill
75%
Coach Liam Rosenior
75%
FW Marc Guiu
75%
DF Axel Disasi
50%
MF Dário Essugo
50%
GK Gabriel Slonina
50%
FW Mykhaylo Mudryk
50%
FW Raheem Sterling
50%
FW Tyrique George
50%
DF Caleb Wiley
0%
No matching quizzes found
Score Distribution
Percent of People with Each Score
Percentile by Number Answered
Your Score History
You have not taken this quiz since the last reset